Gender and the social rights of citizenship: the comparative analysis of gender relations and welfare states /
Enregistré dans:
| Auteur principal: | |
|---|---|
| Format: | Texte |
| Tags: |
Ajouter un tag
Pas de tags, Soyez le premier à ajouter un tag!
|
MARC
| LEADER | 00000 a a2200000 04500 | ||
|---|---|---|---|
| 001 | 44743 | ||
| 003 | |||
| 040 | |||
| 100 | |a Orloff, Ann Shola | ||
| 245 | |a Gender and the social rights of citizenship: |b the comparative analysis of gender relations and welfare states / |c Ann Shola Orloff | ||
| 773 | |g páginas 303-328 | ||
| 999 | |c 39787 |d 39787 | ||
